000 05701cam a22018374i 4500
003 PE-LiUPU
005 20250813165654.0
008 150625s2002 sp rb 000 0 spa d
020 _a8420530670
020 _a9788420530673
035 _a(Sirsi) i9788420530673
040 _aPE-LiUPU
_bspa
_cPE-LiUPU
_erda
049 _aPRUA
082 0 4 _a658.403
_bN48
_221
100 1 _aNevado Peña, Domingo,
_eautor.
245 1 3 _aEl capital intelectual :
_bvaloración y medición. modelos, informes, desarrollo y aplicaciones /
_cDomingo Nevado Peña y Víctor Raúl López Ruiz.
264 1 _aMadrid :
_bFinancial Times Prentice Hall,
_c2002.
300 _a246 páginas ;
_c25 centímetros
336 _atext
_2rdacontent
337 _aunmediated
_2rdamedia
338 _avolume
_2rdacarrier
504 _aIncluye bibliografía.
505 0 _aConcepto de activo intangible -- Activos intangibles: propuesta unificadora de conceptualización -- Tratamiento contable de los activos intangibles regulados en las distintas normativas -- Activos intangibles identificables y controlables -- Activos intangibles no identificables y no controlables generados por adquisición: fondo de comercio -- Consideraciones al tratamiento contable de los activos intangibles visibles -- Ventajas e inconvenientes de la información sobre activos intangibles ocultos -- Ventajas -- Reticencias o limitaciones -- La posible utilidad de la información sobre activos intangibles ocultos para los usuarios de la información contable -- Métodos de valoración y medición del capital intelectual -- Consideraciones para implantar cualquier modelo de capital intelectual especificado -- Modelo de valor extracontable de una empresa en función de su capital intelectual -- Aplicación del modelo propuesto -- Presentación del capital intelectual en los estados contables -- En el balance y en la cuenta de pérdidas y ganancias -- En la memoria y en el informe de gestión -- En otros estados contables -- Propuesta de informe para presentar el capital intelectual en los estados contables.
526 _aP203
526 _aP200
526 _aSEG65
526 _aSEG64
526 _aSEG63
526 _aSEG62
526 _aSEG61
526 _aSEG60
526 _aSEG59
526 _aSEG58
526 _aSEG57
526 _aSEG56
526 _aSEG55
526 _aSEG54
526 _aSEG53
526 _aSEG52
526 _aSEG51
526 _aSEG50
526 _aSEG49
526 _aSEG48
526 _aSEG47
526 _aSEG46
526 _aSEG24
526 _aSEG23
526 _aSEG22
526 _aSEG21
526 _aSEG20
526 _aSEG19
526 _aSEG18
526 _aSEG17
526 _aSEG16
526 _aSEG14
526 _aSEG13
526 _aSEG12
526 _aSEG11
526 _aSEG10
526 _aSEG09
526 _aSEG06
526 _aSEG05
526 _aSEG04
526 _aSEG03
526 _aSEG02
526 _aSEG68
526 _aSEG66
526 _aSEG45
526 _aSEG25
526 _aSEG01
526 _aP163
526 _aP162
526 _aP161
526 _aP160
526 _aP159
526 _aP158
526 _aP157
526 _aP156
526 _aP155
526 _aP154
526 _aP153
526 _aP152
526 _aP151
526 _aP150
526 _aP149
526 _aP142
526 _aP141
526 _aP140
526 _aP139
526 _aP138
526 _aP137
526 _aP132
526 _aP131
526 _aP130
526 _aP126
526 _aP125
526 _aP124
526 _aP123
526 _aP115
526 _aP122
526 _aP121
526 _aP116
526 _a P114
526 _aP112
526 _aP111
526 _aP104
526 _aP103
526 _aP102
526 _aP101
526 _aP100
526 _aP96
526 _aP95
526 _aP93
526 _aP92
526 _aP91
526 _aP88
526 _aP83
526 _aP82
526 _aP79
526 _aP78
526 _aP75
526 _aP74
526 _aP71
526 _aP69
526 _a P51
526 _aP49
526 _aP48
526 _aP47
526 _aP33
526 _aP31
526 _a P30
526 _aP29
526 _aP27
526 _aP26
526 _aP25
526 _aP24
526 _a P22
526 _aP10
526 _aP09
526 _a P08
526 _aP06
526 _aP05
526 _aP04
526 _aP01
541 _g030-002549;
650 0 4 _aInteligencia
_xAspectos económicos.
700 1 _aLópez Ruíz, Víctor Raúl.
942 _2ddc
_cBOOK
949 _a658.403 N48
_wDEWEY
_c1
_i57282
_d2016-5-20
_e2015-10-27
_lCCODEBUL1
_mBUL
_n4
_p25.00
_r0
_sY
_tBOOK
_u2015-6-25
_xFCE
_PP08
_0COMPRA
_o.STAFF. Colección Ciencias Empresariales
949 _a658.403 N48
_wDEWEY
_c1
_iFJ00545
_lCCODEBUJ1
_mBUJ
_p25.00
_r0
_sY
_tBOOK
_u2016-6-24
_xFCE
_PP04
_0COMPRA
_o.STAFF. Colección General Juliaca
994 _aC0
_bPEPRU
596 _a1 3
999 _a658.403 N48
_wDEWEY
_c46368
_i57282
_d46368
_e2018-3-15
_f2021-11-8
_g6
_lCCODEBUL1
_mBUL
_n5
_p25.00
_q1
_r0
_sY
_tBOOK
_u2015-6-25
_xFCE
_PP08
_0COMPRA
_o.STAFF. Colección Ciencias Empresariales
999 _a658.403 N48
_wDEWEY
_c1
_iFJ00545
_d2018-3-28
_e2018-3-27
_f2022-2-1
_g4
_lCCODEBUJ1
_mBUJ
_n2
_p25.00
_r0
_sY
_tBOOK
_u2016-6-24
_xFCE
_PP04
_0COMPRA
_o.STAFF. Colección General Juliaca
980 _81
_gALBERTO SANCHEZ Responsable de Automatización